000 00656nam a22001817a 4500
999 _c64005
_d64005
005 20260306173508.0
008 260306s1997 enk||||| |||| 00| 0 eng d
020 _a9780801433146x
041 _aeng
080 _a327(520:5) N-46
245 _aNetwork Power:
_bJapan and Asia /
_cEtided by Peter J. Katzenstein, Takashi Shiraishi.
264 _aLondon :
_bCornell University Press,
_c1997.
300 _a400 p.;
_b23 cm.
653 _aიაპონია და აზია
700 _aKatzenstein, Peter J.
_eრედაქტორი
_926984
700 _aShiraishi, Takashi
_eრედაქტორი
_927078
942 _2udc
_cᲬᲘᲒᲜᲘ